[Event "World Senior chT-50 2019"]
[Site "Rhodes"]
[Date "2019.04.16"]
[Round "1.21"]
[White "Godena, Michele"]
[Black "Lagerborg, Krister"]
[Result "1-0"]
[WhiteElo "2459"]
[BlackElo "2102"]
[Annotator "TA"]
[PlyCount "81"]
[EventDate "2019.04.16"]
[EventType "team-tourn"]
[EventCountry "GRE"]
[SourceTitle "playchess.com"]
[Source "ChessBase"]
[SourceQuality "1"]
[WhiteTeam "Italy"]
[BlackTeam "Sweden"]
[WhiteTeamCountry "ITA"]
[BlackTeamCountry "SWE"]

{[%evp 9,81,85,99,73,82,42,90,81,84,83,85,80,81,64,60,11,91,72,102,70,90,84,117,60,51,62,95,101,110,79,95,58,157,168,183,177,174,187,325,323,329,231,349,348,413,389,443,419,414,406,403,385,701,579,576,479,470,469,432,425,6275,6275,6179,6179,5408,5381,1426,1252,29977,29978,29993,29994,29995,29996]} 1. e4 c5 2. c3 d6 3. d4 Nd7 4. Nf3 g6 5. Bc4 e6 6. Bf4 {B22: Sicilian: 2 c3} (6. O-O Bg7 7. Re1 Ne7 8. a4 O-O 9. Bf1 Nc6 10. d5 exd5 11. exd5 Nce5 12. Na3 Re8 13. Bf4 {0-1 (89) Shkapenko,P (2425)-Naiditsch,A (2687) Tallinn 2016}) 6... a6 7. a4 Qc7 $146 ({Predecessor:} 7... Ngf6 8. Qe2 Nh5 9. Bg5 Qa5 10. O-O h6 11. Be3 Bg7 12. Nbd2 O-O 13. h3 {0-1 (43) Rey Malde,H (2114)-Larino Nieto,D (2485) Mondariz 2016}) 8. Na3 {White is better.} Ngf6 9. O-O Nh5 10. Be3 Bg7 11. Re1 O-O 12. Qd3 Nb6 (12... Nhf6 $11) 13. Bb3 Bd7 14. a5 (14. dxc5 {feels hotter.} dxc5 15. a5 Nc8 16. Qc4 Qxa5 17. Rad1) 14... Nc8 15. dxc5 {[%mdl 64] Overworked Piece} dxc5 16. Bxc5 (16. Nc4 $16) 16... Qxc5 $14 17. Qxd7 Qxa5 18. Qxb7 Ra7 19. Qb8 $36 {[%mdl 2048] White is really pushing.} Qc5 20. e5 Ne7 ({Better is} 20... Qe7 $14 21. Qb4 Qxb4 22. cxb4 Nf4) 21. Qd6 $16 Qc8 22. Nb5 Ra8 {Black wants to play ...Nf5.} 23. Nbd4 Nf5 (23... Qb7 {keeps fighting.} 24. Bc2 Nf5) 24. Nxf5 $18 gxf5 25. Qd4 {And now Qh4 would win.} Qd8 (25... Rb8 $142) 26. Qe3 f4 27. Qe4 Qe7 28. Bc2 {[%csl Gc2][%cal Re4h7]} f5 29. exf6 Bxf6 30. Ra5 e5 $2 (30... Qf7 31. Qxe6 Qxe6 32. Rxe6 Ng7) 31. Qf5 Qf7 32. Ng5 Bxg5 33. Qxg5+ Ng7 34. Raxe5 {Hoping for Qh6.} Rae8 {[#]} (34... Qf6 $142 35. Qg4 Qh6) 35. Bb3 $1 {[%mdl 576] Deflection} Qxb3 36. Rxe8 Qf7 37. Rxf8+ Qxf8 38. h4 Kh8 39. h5 {White mates.} f3 40. h6 Nf5 {[#]} 41. Qxf5 $1 {[%mdl 512] Accuracy: White = 64%, Black = 33%.} 1-0

[Event "World Senior chT-50 2019"]
[Site "Rhodes"]
[Date "2019.04.16"]
[Round "1.22"]
[White "Gamback, Bjorn"]
[Black "Mariotti, Sergio"]
[Result "1/2-1/2"]
[WhiteElo "2101"]
[BlackElo "2280"]
[Annotator "NA"]
[PlyCount "55"]
[EventDate "2019.04.16"]
[EventType "team-tourn"]
[EventCountry "GRE"]
[SourceTitle "playchess.com"]
[Source "ChessBase"]
[SourceQuality "1"]
[WhiteTeam "Sweden"]
[BlackTeam "Italy"]
[WhiteTeamCountry "SWE"]
[BlackTeamCountry "ITA"]
[TimeControl "40/5400+30:1800+30"]

1. e4 {[%emt 0:00:00]} c5 {[%emt 0:00:00]} 2. Nf3 {[%emt 0:00:00]} e6 {[%emt 0:00:00]} 3. c3 {[%emt 0:00:00]} d5 {[%emt 0:00:00]} 4. exd5 {[%emt 0:00:00]} Qxd5 {[%emt 0:00:00]} 5. d4 {[%emt 0:00:01]} Nf6 {[%emt 0:00:00]} 6. Bd3 {[%emt 0:00:26]} cxd4 {[%emt 0:00:04]} 7. cxd4 {[%emt 0:00:13]} Be7 {[%emt 0:00:06]} 8. Nc3 {[%emt 0:00:13]} Qd6 {[%emt 0:00:09]} 9. Bg5 {[%emt 0:01:05]} O-O {[%emt 0:00:10]} 10. O-O {[%emt 0:00:10]} Nc6 {[%emt 0:07:02]} 11. Rc1 {[%emt 0:01:38]} Rd8 {[%emt 0:02:41]} 12. Nb5 {[%emt 0:03:22]} Qd7 {[%emt 0:00:08]} 13. Ne5 {[%emt 0:26:44]} Nxe5 {[%emt 0:04:09]} 14. Rc7 {[%emt 0:02:31]} Nxd3 {[%emt 0:07:32]} 15. Rxd7 {[%emt 0:02:19]} Bxd7 {[%emt 0:00:02]} 16. Qxd3 {[%emt 0:00:42]} Bxb5 {[%emt 0:00:02]} 17. Qxb5 {[%emt 0:00:27]} b6 {[%emt 0:00:01]} 18. Qa4 {[%emt 0:06:39]} Nd5 {[%emt 0:00:33]} 19. Bxe7 {[%emt 0:01:25]} Nxe7 {[%emt 0:00:02]} 20. Rc1 {[%emt 0:00:51]} Nd5 {[%emt 0:00:03]} 21. Kf1 {[%emt 0:05:04]} a5 {[%emt 0:01:46]} 22. a3 {[%emt 0:07:19]} Rac8 {[%emt 0:00:35]} 23. Rc4 {[%emt 0:04:18]} Rxc4 {[%emt 0:00:03]} 24. Qxc4 {[%emt 0:00:06]} g6 {[%emt 0:00:02]} 25. g3 {[%emt 0:01:35]} Kg7 {[%emt 0:00:06]} 26. Ke2 {[%emt 0:00:30]} Rd7 {[%emt 0:00:16]} 27. Qb5 {[%emt 0:02:20]} Rc7 {[%emt 0:00:02]} 28. Kd2 {[%emt 0:00:30]} 1/2-1/2

[Event "World Senior chT-50 2019"]
[Site "Rhodes"]
[Date "2019.04.16"]
[Round "1.23"]
[White "Bellia, Fabrizio"]
[Black "Franzen, Thomas"]
[Result "1-0"]
[WhiteElo "2447"]
[BlackElo "2015"]
[Annotator "TA"]
[PlyCount "83"]
[EventDate "2019.04.16"]
[EventType "team-tourn"]
[EventCountry "GRE"]
[SourceTitle "playchess.com"]
[Source "ChessBase"]
[SourceQuality "1"]
[WhiteTeam "Italy"]
[BlackTeam "Sweden"]
[WhiteTeamCountry "ITA"]
[BlackTeamCountry "SWE"]

{[%evp 22,83,27,8,106,103,112,101,85,52,82,34,69,71,210,157,168,170,221,213,409,293,264,107,330,323,405,427,420,417,593,585,544,504,518,516,555,515,528,527,518,500,501,459,522,500,510,488,496,481,541,507,497,473,467,471,476,487,484,461,591,592,735,660]} 1. e4 c5 2. Nf3 d6 3. d4 cxd4 4. Nxd4 Nf6 5. Nc3 a6 6. Be2 e6 7. O-O Be7 8. f4 Nbd7 9. Kh1 Qc7 10. a4 b6 11. Bf3 Bb7 12. Qe1 {White wants to play e5!} Rc8 {[#] B84: Sicilian Scheveningen: 6 Be2 a6, lines without early Be3} (12... O-O $11 {remains equal.}) 13. e5 $1 $16 {[%cal Re5f6][%mdl 512]} (13. Bd2 O-O 14. g4 Qc4 15. Qe3 d5 16. e5 Bc5 17. Nce2 Ne4 18. b3 Qxc2 19. Nxc2 Bxe3 20. Bxe3 Rxc2 21. Rae1 Rfc8 {0-1 (39) Aveskulov,V (2544)-Zhang,Z (2649) Beijing 2008}) 13... dxe5 14. fxe5 Bxf3 {White is better.} 15. Nxf3 Ng4 {[%cal Rd7e5]} 16. Bf4 h5 17. Qg3 g5 $146 (17... Nf8 $16) ({Predecessor:} 17... g6 18. Ne4 Rd8 19. Bg5 Nc5 20. Nxc5 Qxc5 21. Bxe7 Qxe7 {1-0 (36) Tseitlin,M (2491)-Rotstein,J (2371) Hockenheim 2007}) 18. Bxg5 Bxg5 19. Nxg5 Ndxe5 (19... Qxe5 $142 20. Qh4 (20. Nxf7 Qxg3 21. hxg3 O-O $14) (20. Rxf7 Qxg5 21. Ne4 Qe5 $11 {[%mdl 64] Double Attack}) 20... O-O) 20. h3 $18 Qe7 $2 {[#]} (20... Rh6 {is a better defense.} 21. Nce4 (21. hxg4 hxg4+ 22. Kg1 Nf3+ {[%mdl 64] Discovered Attack} 23. Rxf3 gxf3 $16) 21... f5) 21. Nge4 f5 22. Nd2 (22. hxg4 $18 {has better winning chances.} hxg4+ 23. Kg1) 22... Qc5 $2 (22... Rd8 $16 23. Nb3 h4) 23. Rae1 Kd7 24. Nb3 Qc7 25. Kg1 ({Don't take} 25. hxg4 hxg4+ 26. Kg1 Nc6 $18) 25... Rce8 (25... Nf7 {was necessary.} 26. Qd3+ Qd6 27. hxg4 Qxd3 28. cxd3 hxg4) 26. hxg4 {White is clearly winning.} Nxg4 27. Qxc7+ Kxc7 28. Nd4 Kd6 29. Rd1 Ke7 30. Nc6+ Kf6 31. Ne4+ Kg6 32. Nd6 Ref8 {If Black can now play ...Ne3 this consolidates a bit.} 33. Rde1 Rf6 34. Nc4 b5 35. N4e5+ Kg7 36. axb5 axb5 37. Ra1 Kh6 38. Ra7 Rc8 39. c3 Ne3 40. Rf3 Nd5 41. Rg3 h4 42. Rh3 {Accuracy: White = 71%, Black = 25%.} 1-0

[Event "World Senior chT-50 2019"]
[Site "Rhodes"]
[Date "2019.04.16"]
[Round "1.24"]
[White "Johansson, Bjorn"]
[Black "Bruno, Fabio"]
[Result "1/2-1/2"]
[WhiteElo "1888"]
[BlackElo "2433"]
[Annotator "TA"]
[PlyCount "101"]
[EventDate "2019.04.16"]
[EventType "team-tourn"]
[EventCountry "GRE"]
[SourceTitle "playchess.com"]
[Source "ChessBase"]
[SourceQuality "1"]
[WhiteTeam "Sweden"]
[BlackTeam "Italy"]
[WhiteTeamCountry "SWE"]
[BlackTeamCountry "ITA"]

{[%evp 9,101,26,14,-24,-16,-18,-15,-32,5,1,16,4,21,0,0,-16,-16,-16,-16,-16,-16,-14,-14,-14,-14,-22,-22,-19,-16,-33,-16,-43,-47,-58,-58,-66,-61,-79,-83,-84,-84,-101,-45,-25,0,0,0,0,4,0,2,0,0,0,0,0,0,0,65,0,0,0,0,0,0,-18,-22,-31,-34,-95,-83,-72,-85,-94,0,0,0,0,405,387,430,430,430,423,428,411,317,361,222,6,6,6,6,6]} 1. c4 e6 2. Nc3 Nf6 3. e4 d5 4. e5 d4 5. exf6 dxc3 6. dxc3 {A18: English Opening: Flohr-Mikenas System (1 c4 Nf6 2 Nc3 e6 3 e4)} (6. bxc3 {seems wilder.} Qxf6 7. d4 c5 8. Nf3 cxd4 9. Bg5) (6. bxc3 Qxf6 7. Nf3 b6 8. d4 Bb7 9. Bd3 h6 10. O-O Bd6 11. Nd2 O-O 12. Re1 Qh4 13. h3 c5 14. Ne4 Bc7 15. Rb1 Nd7 16. Nxc5 Nxc5 17. dxc5 {½-½ (26) Radjabov,T (2751)-Wojtaszek,R (2727) Batumi 2018}) 6... Qxd1+ 7. Kxd1 gxf6 8. Be3 c5 $146 ({Predecessor:} 8... b6 9. Be2 Bb7 10. Bf3 Nc6 11. Ne2 O-O-O+ 12. Kc2 Ne5 13. Bxb7+ Kxb7 {0-1 (49) Dobrotka,M (2266)-Petrik,T (2532) Banska Stiavnica 2010}) 9. g3 Bd7 10. Bg2 Bc6 11. Bxc6+ Nxc6 12. f4 f5 13. Nf3 b6 14. Kc2 Bg7 15. Rad1 Ke7 16. Rd2 (16. b3 {feels hotter.} Rac8 17. a3 Na5 18. Ne5 Rc7 19. Rhg1) 16... Rhd8 17. Rhd1 (17. Rxd8 {is more complex.} Kxd8 18. Rg1 h5 19. Rb1 Na5 20. b3) 17... Rxd2+ 18. Rxd2 Bf6 19. Re2 Rc8 20. Bf2 Na5 21. b3 Nb7 22. Ne5 h5 23. h3 Nd6 24. g4 hxg4 25. hxg4 fxg4 (25... Bxe5 $17 26. fxe5 Ne4 27. Bh4+ Kd7) 26. Nxg4 $15 Rg8 27. Nxf6 Kxf6 $11 {[%mdl 4096] Endgame KRB-KRN} 28. b4 $1 Nxc4 29. bxc5 b5 30. a4 bxa4 31. Kd3 Na5 32. Ra2 Kf5 33. Rxa4 Rd8+ ({Black should try} 33... Nc6 $1 $11) 34. Ke2 (34. Bd4 $1 $14 Nc6 35. Kc4) 34... Nc6 35. Ra6 Rc8 36. Kf3 Rc7 37. Ra1 a5 38. Rg1 f6 39. Rg8 (39. Ke3 $15) 39... a4 $17 {Threatens to win with ...a3.} 40. Rf8 {next Bh4 is good for White.} Rh7 41. Rc8 a3 (41... Na7 $17 42. Rb8 Rh3+ 43. Kg2 Rxc3) 42. Rxc6 $11 {KRB-KR} Ra7 43. c4 $1 e5 $2 {[%mdl 8192]} (43... Ra4 $11 {and Black is okay.}) 44. Bh4 $18 {[%csl Gh4][%cal Rc6f6] [#]} e4+ 45. Ke3 a2 46. Bxf6 a1=Q 47. Bxa1 Rxa1 48. Rc8 {[#] c6 is the strong threat.} Ra3+ 49. Ke2 $2 (49. Kd2 $18) 49... Kxf4 $11 50. Rf8+ Ke5 51. c6 {Accuracy: White = 43%, Black = 63%.} 1/2-1/2

[Event "World Senior chT-50 2019"]
[Site "Rhodes"]
[Date "2019.04.16"]
[Round "1.25"]
[White "Genta, Alejandro"]
[Black "Boensch, Uwe"]
[Result "0-1"]
[WhiteElo "2054"]
[BlackElo "2525"]
[Annotator "TA"]
[PlyCount "64"]
[EventDate "2019.04.16"]
[EventType "team-tourn"]
[EventCountry "GRE"]
[SourceTitle "playchess.com"]
[Source "ChessBase"]
[SourceQuality "1"]
[WhiteTeam "Uruguay"]
[BlackTeam "Germany"]
[WhiteTeamCountry "URU"]
[BlackTeamCountry "GER"]

{[%evp 9,64,22,58,26,39,36,38,24,55,24,46,19,45,23,52,49,41,42,47,34,20,-10,17,0,0,0,0,0,50,47,50,35,52,48,51,43,45,44,76,59,106,95,93,67,85,100,84,80,105,47,70,67,44,40,46,32,42]} 1. d4 Nf6 2. c4 e6 3. Nc3 Bb4 4. e3 c5 5. Nge2 Ne4 6. Qc2 {E42: Nimzo-Indian: Rubinstein: 4...c5 5 Ne2} (6. Bd2 Nxd2 7. Qxd2 cxd4 8. exd4 b6 9. g3 Bb7 10. d5 O-O 11. Bg2 e5 12. O-O d6 13. Rac1 Nd7 14. a3 Bxc3 15. Rxc3 Qc7 16. Re1 {½-½ (16) Del Rio de Angelis,S (2534)-Teske,H (2538) Navalmoral 2011}) 6... Nxc3 7. Nxc3 d6 8. a3 Ba5 9. d5 $146 ({Predecessor:} 9. dxc5 dxc5 10. Bd3 Nc6 11. O-O Bxc3 12. Qxc3 Qf6 13. Qc2 Bd7 {1-0 (29) Todorov,M (2241)-Hristov,P (1999) Teteven 2014}) 9... O-O 10. Bd3 f5 11. O-O e5 12. f4 e4 13. Be2 Nd7 14. Nd1 Nf6 15. Nf2 Qe8 16. a4 a6 17. b3 Bd7 18. Bb2 b5 19. axb5 axb5 20. Ra2 {[#] Strongly threatening Rfa1.} bxc4 21. bxc4 {Hoping for Bxf6.} Bb4 22. Rfa1 Rxa2 23. Rxa2 Qb8 24. Qc1 Bc8 25. Qa1 Qc7 26. h3 Qf7 27. Ra7 Qg6 28. Kh2 Bd2 {[#]} 29. Bc1 ({Better is} 29. Nd1 $1 $16) 29... Bxc1 {White is slightly better.} 30. Qxc1 h5 31. h4 Ng4+ 32. Nxg4 hxg4 {[%mdl 32768] Accuracy: White = 54%, Black = 39%. . Loss on time!?} 0-1

[Event "World Senior chT-50 2019"]
[Site "Rhodes"]
[Date "2019.04.16"]
[Round "1.26"]
[White "Stangl, Markus"]
[Black "Braso, Jorge"]
[Result "1-0"]
[WhiteElo "2432"]
[BlackElo "2098"]
[Annotator "TA"]
[PlyCount "57"]
[EventDate "2019.04.16"]
[EventType "team-tourn"]
[EventCountry "GRE"]
[SourceTitle "playchess.com"]
[Source "ChessBase"]
[SourceQuality "1"]
[WhiteTeam "Germany"]
[BlackTeam "Uruguay"]
[WhiteTeamCountry "GER"]
[BlackTeamCountry "URU"]

{[%evp 21,57,62,69,43,67,43,84,0,64,-29,-22,0,123,120,179,178,179,161,153,112,185,185,241,168,263,226,294,190,189,183,334,238,218,215,544,512,534,536]} 1. e4 c5 2. Nf3 d6 3. d4 cxd4 4. Nxd4 Nf6 5. Nc3 a6 6. f3 e6 7. Be3 Be7 8. Qd2 Qc7 9. O-O-O Nc6 10. g4 b5 11. g5 Nd7 12. f4 {B80: Sicilian Scheveningen: 6 g3 and 6 Be3, including English Attack} (12. h4 Bb7 13. h5 Rc8 14. Nxc6 Qxc6 15. a3 Ne5 16. f4 Nc4 17. Bxc4 Qxc4 18. Bd4 O-O 19. g6 h6 20. Rhg1 f5 21. exf5 Rxf5 {½-½ (45) Shirov,A (2708)-Ehlvest,J (2605) Tallinn 2013}) 12... b4 13. Nce2 Rb8 $146 ({Predecessor:} 13... Bb7 14. Ng3 Nc5 15. Nxc6 Qxc6 16. Bxc5 Qxc5 17. Bg2 O-O-O 18. h4 Kb8 19. Qd4 d5 20. exd5 Bxd5 21. Bxd5 Rxd5 22. Qxc5 Bxc5 23. Rxd5 exd5 {0-1 (42) Stratyuk,A-Kaisin,Y (1895) Kirov 2016}) 14. f5 (14. Kb1 $16) 14... Nc5 (14... Nxd4 $11 15. Qxd4 (15. Nxd4 e5 $11) 15... e5) 15. Bg2 ({Better is} 15. Ng3 $14) 15... Ne5 16. b3 $1 Qa5 (16... Ng4 $11 {keeps the balance.}) 17. Kb1 $1 $16 Qa3 {[#]} (17... Bb7 $16) 18. Qe1 $1 $18 Bb7 19. Bc1 Qa5 20. Ng3 Qc7 {[#]} (20... O-O $16) 21. Nh5 $1 Rg8 (21... g6 $142) 22. Rf1 Rc8 (22... g6 {was called for.}) 23. h4 ({Weaker is} 23. Qxb4 g6 $14) 23... exf5 24. Rxf5 Ne6 {aiming for ...Nxd4.} 25. Rf2 {Nxe6 is the strong threat.} Qc3 $2 (25... Nxd4 26. Rxd4 a5) 26. Qxc3 Rxc3 27. Nf5 g6 $2 (27... Ng4 {is tougher.}) 28. Nf6+ {[%mdl 64] Overworked Piece} Bxf6 29. Nxd6+ {[%mdl 64] Double Attack. Accuracy: White = 62%, Black = 11%.} 1-0

[Event "World Senior chT-50 2019"]
[Site "Rhodes"]
[Date "2019.04.16"]
[Round "1.27"]
[White "Escofet, Jaime"]
[Black "Brendel, Oliver"]
[Result "1/2-1/2"]
[WhiteElo "1970"]
[BlackElo "2339"]
[Annotator "TA"]
[PlyCount "62"]
[EventDate "2019.04.16"]
[EventType "team-tourn"]
[EventCountry "GRE"]
[SourceTitle "playchess.com"]
[Source "ChessBase"]
[SourceQuality "1"]
[WhiteTeam "Uruguay"]
[BlackTeam "Germany"]
[WhiteTeamCountry "URU"]
[BlackTeamCountry "GER"]

{[%evp 21,62,22,37,15,15,18,30,17,34,21,30,15,11,0,0,0,0,0,9,0,8,-7,5,-18,-14,-12,-5,-25,0,-2,-2,-7,-4,-7,0,0,0,-5,0,0,0,-12,1377]} 1. d4 Nf6 2. Bf4 g6 3. e3 Bg7 4. Nf3 d6 5. h3 O-O 6. Be2 c5 7. c3 b6 8. Nbd2 Bb7 9. O-O Nbd7 10. a4 a6 11. Bh2 Ra7 12. Qb3 {A48: 1 d4 Nf6 2 Nf3 g6: Torre, London and Colle Systems} (12. Qb1 Qa8 13. Bd3 cxd4 14. cxd4 Nd5 15. Rc1 Nb4 16. Bf1 Nf6 17. Ra3 Bd5 18. Bc4 Bc6 19. Bf1 Bd5 {1-0 (56) Ivanchuk,V (2713)-Wagner,D (2566) Batumi 2018}) 12... Qa8 13. Rfd1 Ne4 14. Nxe4 {White has an edge.} Bxe4 15. Ne1 cxd4 $146 ({Predecessor:} 15... Nf6 16. Bf3 Rb8 17. Qa3 Qc6 18. b4 Bxf3 19. Nxf3 Rc8 20. bxc5 bxc5 {0-1 (28) Kiese,M (2247)-Kavutskiy,K (2347) Reykjavik 2017}) 16. exd4 Bd5 17. Bc4 (17. Qc2 {keeps more tension.} Rc8 18. Qd2 Nf6 19. Bd3 Rac7 20. f3) 17... Bxc4 18. Qxc4 Nf6 19. Nf3 Qd5 20. Qe2 Rc8 21. Re1 Bh6 22. Nd2 Rb7 23. Nf1 Qc4 24. Qf3 Qd5 25. Qe2 {The position is equal.} b5 26. axb5 axb5 27. Ra5 Qc4 28. Qf3 Qd5 {White should prevent ...Qxf3.} 29. Qe2 Qc4 30. Qf3 Qd5 {Black wants to play ...Qxf3.} 31. Qe2 Qc5 $2 {[%mdl 40960] Accuracy: White = 67%, Black = 71%. . An unexpected result.} (31... Qc6 $11) 1/2-1/2

[Event "World Senior chT-50 2019"]
[Site "Rhodes"]
[Date "2019.04.16"]
[Round "1.28"]
[White "Maier, Christian"]
[Black "Durante, Aurelio"]
[Result "1-0"]
[WhiteElo "2325"]
[BlackElo "1955"]
[Annotator "TA"]
[PlyCount "57"]
[EventDate "2019.04.16"]
[EventType "team-tourn"]
[EventCountry "GRE"]
[SourceTitle "playchess.com"]
[Source "ChessBase"]
[SourceQuality "1"]
[WhiteTeam "Germany"]
[BlackTeam "Uruguay"]
[WhiteTeamCountry "GER"]
[BlackTeamCountry "URU"]

{[%evp 9,57,45,67,64,92,91,100,68,97,90,75,53,162,148,139,152,152,144,147,85,100,95,88,82,80,80,71,48,52,34,47,53,149,134,172,196,249,237,262,269,364,371,472,455,519,515,614,605,1257,1208]} 1. e4 c5 2. Nf3 Nc6 3. Bb5 {[%cal Bf1b5,Bb5a4,Ba4b3][%mdl 32]} Qc7 4. O-O d6 5. c3 Bg4 6. d4 {B30: Sicilian: 2...Nc6 3 Bb5, lines without ...g6} cxd4 $146 ({Predecessor:} 6... O-O-O 7. Be3 Nf6 8. Nbd2 e6 9. h3 Bh5 10. dxc5 dxc5 11. Qa4 Bxf3 12. Nxf3 Nb8 {1-0 (55) Nevednichy,V (2455)-Miulescu,G (2365) Bucharest 1992}) 7. cxd4 a6 8. Ba4 {White is better.} b5 9. Bb3 Nf6 10. Nc3 b4 (10... Qb7 $14) 11. Nd5 Nxd5 12. exd5 Na7 13. Re1 h6 14. Bf4 (14. h3 $142 Bd7 15. Bf4) 14... g5 $16 15. Rc1 Qd7 16. Ba4 Nb5 17. Bd2 Bg7 18. Bxb4 O-O 19. Bc3 $36 {[%mdl 2048] White has good play.} Ra7 20. h3 Bxf3 (20... Bh5 $14) 21. Qxf3 Rb7 22. Qd3 Rfb8 (22... Qd8 $142 23. Bc2 f5) 23. Re3 $18 Qd8 24. Rce1 Kf8 25. Rf3 Rc8 {[#]} 26. h4 $1 {[%mdl 512] White is clearly winning.} f6 (26... gxh4 27. Qh7) 27. Bc2 Qe8 28. Qh7 Nxd4 29. Bxd4 {Precision: White = 80%, Black = 25%.} 1-0

[Event "World Senior chT-50 2019"]
[Site "Rhodes"]
[Date "2019.04.16"]
[Round "1.29"]
[White "Garbarino, Rodolfo"]
[Black "Zeidler, Sven P."]
[Result "*"]
[WhiteElo "2335"]
[BlackElo "2168"]
[Annotator "TA"]
[PlyCount "91"]
[EventDate "2019.04.16"]
[EventType "team-tourn"]
[EventCountry "GRE"]
[SourceTitle "playchess.com"]
[Source "ChessBase"]
[SourceQuality "1"]
[WhiteTeam "Argentina"]
[BlackTeam "Wales"]
[WhiteTeamCountry "ARG"]
[BlackTeamCountry "WLS"]

{[%evp 9,91,26,60,57,72,42,80,80,125,95,87,90,71,73,102,46,74,38,54,26,84,49,37,24,36,-36,-34,-27,-16,-31,-43,-75,758,733,956,97,109,118,118,125,123,130,118,111,54,52,49,38,110,61,94,90,149,74,96,73,91,85,158,121,158,176,162,56,152,0,0,0,55,37,138,133,127,145,131,50,56,10,10,9,44,0,0,0]} 1. e4 Nc6 2. Nc3 Nf6 3. d4 d5 4. e5 Nd7 5. Nge2 (5. Nxd5 Ndb8 6. Ne3 Qxd4 7. Qxd4 Nxd4 8. f4 c6 9. c3 Nf5 10. Bd3 g6 11. Nf3 Nxe3 12. Bxe3 Bf5 13. O-O-O {1-0 (55) Kovalenko,I (2657)-Vlassov,N (2401) St Petersburg 2018}) 5... Nb6 6. Nf4 {B00: Queen's Fianchetto Defence, Nimzowitsch Defence} e6 7. Be3 $146 ({Predecessor:} 7. Bb5 Bd7 8. O-O a6 9. Bxc6 Bxc6 10. Nh5 h6 11. Qg4 Rh7 12. f4 Qd7 {0-1 (46) Turci,S (2165)-Zaja,I (2443) Montecatini Terme 1999}) 7... Na5 8. Nh5 {White is better.} Nac4 9. Qg4 Nxe3 10. fxe3 f5 11. exf6 gxf6 12. O-O-O (12. Qf4 $16 Kf7 13. h4) 12... f5 $1 $14 {[%cal Rf5g4]} 13. Qf3 (13. Qg3 {feels hotter.} Qd6 14. Qg5 Qe7 15. h4 Bd7 16. Nf6+) 13... Bh6 14. Nf4 {Qh5+ is the strong threat.} O-O (14... Qh4 $11) 15. h3 c6 16. g4 Qe7 17. gxf5 (17. Bd3 $14) 17... e5 $1 $15 {[%cal Re5f4]} 18. dxe5 Qxe5 19. Rg1+ Kh8 20. Qg3 Bxf4 $4 {[%mdl 8192]} (20... Qe7 $17) 21. exf4 $18 Qf6 22. Bd3 $2 (22. Ne4 $1 $18 {[%cal Re4f6] is the precise move to win.} dxe4 23. Rd6 $1 {[%mdl 512]}) 22... Bd7 23. Rde1 Rg8 24. Qf2 Rxg1 25. Rxg1 Rg8 26. Rxg8+ ({White should play} 26. Re1 $16) 26... Kxg8 $14 27. Qg3+ Kf7 28. Qg4 Nc8 (28... h6 $14) 29. Ne2 Nd6 {[%cal Rd7f5]} 30. Ng3 Ne8 ({Black should try} 30... a5) 31. c3 (31. Qh5+ $142 Kg8 32. Qg5+ Kh8 33. Nh5) 31... Ng7 32. h4 Qe7 33. Kd2 Qc5 (33... Qf6 $142) 34. Qe2 Qg1 {[#]} 35. f6 $1 {[%mdl 64] Discovered Attack, Decoy} Kxf6 {[#]} 36. Qe5+ $1 Kf7 37. Nh5 $2 (37. Ne2 $16 Qg4 38. Qc7 (38. Bxh7 Qxh4 39. Qc7 Qe7 $16)) 37... Qf2+ $11 38. Be2 {Threatening mate with Qf6+.} Nxh5 ({Better is} 38... Ne8 $11) 39. Qxh5+ $14 {[%mdl 64] Double Attack} Kg7 (39... Kf8 $1 $14) 40. Qg5+ $16 Kf7 41. Kd1 {White threatens Bh5+ and mate.} Bh3 42. Bh5+ (42. Qh5+ $16 Kf8 43. Qxh7) 42... Ke6 $1 $14 43. Qe5+ Kd7 44. Qg7+ Kd6 {next ...Qf1+ is good for Black.} 45. Qe5+ Kd7 $1 46. Qg7+ {Accuracy: White = 29%, Black = 44%.} *